000 00640nam a2200241Ia 4500
003 OSt
005 20221006151055.0
006 a|||||r|||| 00| 0
007 ta
008 221006b |||||||| |||| 00| 0 jpn d
024 _a20,841
037 _bGift, Japan Foundation
_cTextual
040 _aEASL
_cEASL
_bjpn
041 _2jpn
_ajpn
082 _aXn42,N, K7
245 0 _aGaikoku keizai tokei nenpo, 1967
260 _aTokyo
_bNihon Ginko Tokei Kyoku Japan
_c1968
300 _a262p.
_ccm.
490 _v RR
650 _aJL
942 _hXn42,N, K7
_cTEXL
_2CC
999 _c1088927
_d1088927